Deutschland nach Buchstabe - B - Statistiken

Allgemein
  • Dieses Quiz wurde 131 mal gespielt
  • Das Durchschnittsergebnis liegt bei 16 aus 20
Antwortstatistiken
Hinweis Antwort % Korrekt
Hauptstadt von Deutschland Berlin
100%
Flächengrößtes Bundesland Bayern
99%
Bundesland und Hansestadt an der Weser Bremen
99%
Größter See Deutschlands, der mit der Schweiz und Österreich geteilt wird Bodensee
97%
Ehemalige Hauptstadt von Westdeutschland nach dem Zweiten Weltkrieg Bonn
97%
Ostwestfälische Großstadt, Heimat der Arminia und von Dr. Oetker Bielefeld
88%
Im Brötchen mit Senf oder Ketchup deutsches Nationalgericht Bratwurst
88%
Ruhrpott-Großstadt mit Ruhrstadion, Bermudadreieck und Ruhr-Universität Bochum
87%
Region in Südwestdeutschland um Karlsruhe und Freiburg Baden
83%
Ehemaliger Reichskanzler, der als Architekt der Reichseinigung 1871 gilt Otto von Bismarck
82%
Berühmter deutsche Barock-Komponist, der die Brandenburgischen Konzerte, das Weihnachtsoratorium und die Goldberg-Variationen komponierte Johann Sebastian Bach
81%
Offizielle Bezeichnung der aktuellen Staatsform in Deutschland Bundesrepublik
79%
SPD-Bundeskanzler, der für seine Schritte zur Aussöhnung mit dem Ostblock den Friedensnobelpreis erhielt Willy Brandt
79%
Depressives Maskottchen von Fernsehsender KIKA Bernd das Brot
75%
Höchster Berg des Harz und von Norddeutschland, auch Blocksberg genannt Brocken
75%
Westlichste und größte der Ostfriesischen Inseln Borkum
74%
Niedersächsische Großstadt an der Oker, Residenzstadt von Heinrich dem Löwen Braunschweig
68%
Fränkisches Rom mit vielen unterschiedlichen Brauereien Bamberg
63%
Modernistischer Architekturstil, der um Walter Gropius in Weimar gegründet wurde Bauhaus
55%
Region in NRW um Wuppertal, Remscheid und Gummersbach Bergisches Land
43%
Keine übereinstimmenden Quizze gefunden
Verteilung der Resultate
Anzahl Personen mit jedem Resultat
Perzentil nach korrekt beantworteten Fragen
Ihre Resultats-Entwicklung
Sie haben dieses Quiz noch nicht gespielt